10 Famous People from Armenia - Statistics

General Stats
  • This quiz has been taken 60 times
  • The average score is 3 of 10
Answer Stats
Hint Answer % Correct
American singer born to Armenian-American father as Cherilyn Sarkisian Cher
71%
American media personality whose father was a third-generation Armenian-American Kim Kardashian
66%
Footballer who played for Manchester United, Arsenal and Roma Henrikh Mkhitaryan
43%
American tennis player and former No. 1 whose father is of Armenian and Assyrian heritage Andre Agassi
38%
Actor born to a British mother and an Armenian father and who played Gollum in the Lord of the Rings Andy Serkis
27%
Soviet-Armenian Grandmaster, and World Chess Champion from 1963 to 1969 Tigran Petrosian
14%
One of the leading Soviet composers Aran Khachaturian
13%
Actress who has portrayed Clementine Pennyfeather on the HBO series Westworld Angela Sarafyan
5%
Businessman who was one of the important figures in the shaping of Las Vegas Kirk Kerkorian
5%
European record holder in long jump set in 1987 Robert Emmiyan
2%
No matching quizzes found
Score Distribution
Percent of People with Each Score
Percentile by Number Answered
Your Score History
You have not taken this quiz